50 let Všeruské organizace hluchých

Bibliographic Details
Main Author: -orč- (Author)
Format: Article
Language:Slovak
Czech

MARC

LEADER 00000nab a2200000 a 4500
001 vtls010720718
003 SK-MaSNL
005 20260304193512.0
008 250709s xo |||||||||||||||||slo|
035 |a (urnnbn)urn:nbn:sk:snk:ar-a04r8q 
035 |a (uuid)b8e33efd-107a-42f0-9f4b-70cc4e53d3b7 
035 |a urn:nbn:sk:snk-ab3lq7 
040 |a SNKBUCL  |b slo  |c SNKBUCL  |e AACR2 
041 0 |a cze 
044 |a xo  |c SK 
100 1 |a -orč-  |4 aut  |9 1522902 
245 1 0 |a 50 let Všeruské organizace hluchých  |c -Orč- 
773 0 |t Otázky defektológie : časopis pre teóriu a prax na školách a v zariadeniach pre mládež vyžadujúcu osobitnú starostlivosť  |g Roč. 20, č. 8 (1977-1978), s. 325-326 
850 |a Slovenská národná knižnica 
852 |a Slovenská národná knižnica 
958 |a article1 
958 |a OND 
958 |a EUIPO 
999 |c 3067113  |d 3069043